书目信息 |
| 题名: |
英汉生物化学及分子生物学词典(续编)
|
|
| 作者: | 谭景莹 编 | |
| 分册: | ||
| 出版信息: | 北京 科学出版社 2000 |
|
| 页数: | 911页 | |
| 开本: | 20cm | |
| 丛书名: | ||
| 单 册: | ||
| 中图分类: | Q5-61 | |
| 科图分类: | ||
| 主题词: | 生物化学--词典 , 分子生物学--词典 | |
| 电子资源: | ||
| ISBN: | 7-03-007601-X | |
| 000 | 00716nam0 2200229 45 | |
| 001 | 0305190236 | |
| 005 | 20031219104110.2 | |
| 010 | @a7-03-007601-X@b精装@dCNY68.00 | |
| 100 | @a20030519d2000 km y0chiy0120 ea | |
| 101 | 0 | @achi |
| 105 | @a e 000yy | |
| 200 | 1 | @a英汉生物化学及分子生物学词典(续编)@AYing Han Sheng Wu Hua Xue Ji Fen Zi Sheng Wu Xue Ci Dian(Xu Bian)@f谭景莹编@FTan Jing Ying Bian |
| 210 | @a北京@c科学出版社@d2000 | |
| 215 | @a911页@d20cm | |
| 320 | @a书末有书目. | |
| 422 | @12001 @a英汉生物化学及分子生物学词典 | |
| 606 | 0 | @a生物化学@x词典 |
| 606 | 0 | @a分子生物学@x词典 |
| 690 | @aQ5-61@v4 | |
| 701 | 0 | @a谭景莹@4编 |
| 801 | @aCN@bTSTC@c20030519 | |
| 905 | @b323506-507@dQ5-61@e79:2@f2 | |
| 英汉生物化学及分子生物学词典(续编)/谭景莹编.-北京:科学出版社,2000 |
| 911页;20cm |
| ISBN 7-03-007601-X(精装):CNY68.00 |
| ● |
| 相关链接 |
|
|
|
|
正题名:英汉生物化学及分子生物学词典(续编)
索取号:Q5-61/79:2
 
预约/预借
| 序号 | 登录号 | 条形码 | 馆藏地/架位号 | 状态 | 备注 |
| 1 | 0323506 | 203235061 | 工具书阅览室/ [索取号:Q5-61/79:2] | 在馆 | |
| 2 | 0323507 | 203235070 | 第二样本阅览室/ [索取号:Q5-61/79:2] | 在馆 |